000 00337nam a22001337a 4500
008 250625b |||||||| |||| 00| 0 eng d
020 _a0138552703
050 _aHD31
_bM56
100 _aMINTZBERG Henry
245 _aThe Structuring Of Organisations
260 _aEnglemood Cliff
_bPrentice Hall
_c1979
300 _axvi,512P
942 _cBK
999 _c3962
_d3962